Responses for show #6194 - Thursday, July 14, 2011

Contestants

Janet Vigen Levy, a communications professional from St. Louis, Missouri

Kathleen Lee, a pharmaceutical scientist from Palo Alto, California

Paul Barbour, an aspiring producer from Baldwinsville, New York (whose 1-day cash winnings total $29,800)

Jeopardy! Round responses

JOHN MARSHALL
MONOGRAM MADNESS
REPTILES
STADIUMS BY COUNTRY
NFL COACH OF THE YEAR
"SO" WHAT!
    $200 23
the Constitution

Kathleen
    $200 12
(Ulysses) Grant

Paul
    $200 19
North Carolina

Janet
    $200 5
North Korea

Paul
    $200 1
Vince Lombardi

Paul
    $200 4
a society

Kathleen
    $400 24
(Kathleen: Who is Benedict Arnold?)

Aaron Burr

PaulKathleen
    $400 13
John Wilkes Booth

Paul
    $400 17
a tortoise

Paul
    $400 18
Italy

Kathleen
    $400 2
(Janet: Who is... um, somebody I can't remember right now?[Groans])

(Mike) Ditka

PaulJanet
    $400 8
a solarium

Janet
    $600 25
(Paul: Who is Andrew Jackson?)

Jefferson

PaulKathleen
    $600 14
(Johann Sebastian) Bach

Kathleen
    $600 20
a Komodo dragon

Janet
    $600 26
Mexico

Paul
    $600 3
(Don) Shula

Kathleen
    $600 9
sonatas

Paul
    $2,000 27
France

Paul
    $800 15
Mary Higgins Clark

Paul
    $800 21
...
(Alex: We'll accept that.
It's a horned toad.)
[Laughter]
(Alex: I have no idea of--well, we won't go there.)
[Laughter]

a horned toad (horny toad accepted)

Kathleen
    $800 29
(Kathleen: What is Lithuania?)

Sweden

Kathleen
Triple Stumper
    $800 6
Jimmy Johnson

Paul
    $800 10
Sofia

Paul
    $1000 28
Madison

Paul
    $1000 16
(Diane) von F├╝rstenberg

Janet
    $1000 22
a python

Paul
    $1000 30
Argentina

Janet
    $1000 7
Bill Belichick

Triple Stumper
    $1000 11
sodium chloride

Kathleen

Scores at the first commercial break (after clue 16):

Paul Kathleen Janet
$4,400 $2,400 $1,000

Scores at the end of the Jeopardy! Round:

Paul Kathleen Janet
$9,200 $3,200 $2,800

Double Jeopardy! Round responses

LET'S BE ECONOMICAL
THE NEW YORK TIMES THEATER
FILL IN THE BOOK TITLE
VERY NON-BREAKING NEWS
ANNUAL EVENTS
HYBRIDS
    $400 23
a boom

Janet
    $400 6
Avenue Q

Janet
    $400 11
Nest

Paul
    $400 17
Joan of Arc

Kathleen
    $400 1
the Kentucky Derby

Janet
    $400 12
a quarker

Triple Stumper
    $800 24
Bernanke

Janet
    $800 7
Shakespeare

Janet
    $800 19
Ladies

Janet
    $800 18
Hippocrates

Kathleen
    $800 2
Earth Day

Kathleen
    $800 13
an almanarc

Kathleen
    $1200 25
the Consumer Price Index

Paul
    $1200 8
Anderson Cooper

Kathleen
    $3,000 20
Lawyer

Janet
    $1200 26
Sir Francis Drake

Paul
    $1200 3
February 2

Kathleen
    $1200 14
a Luftwaffle

Paul
    $1600 29
an entrepreneur

Kathleen
    $1600 9
The Importance of Being Earnest

Kathleen
    $1600 21
Fat

Kathleen
    $1600 27
John

Kathleen
    $1600 4
grandparents

Paul
    $1600 15
osanka

Triple Stumper
    $2000 30
John Maynard Keynes

Triple Stumper
    $2000 10
Spider-Man

Kathleen
    $2000 22
Heaven

Triple Stumper
    $2000 28
Finland

Kathleen
    $2,000 5
Kwanzaa

Paul
    $2000 16
(Paul: What is Agnamemneon?)

Agamemneon

Paul
Triple Stumper

Scores at the end of the Double Jeopardy! Round:

Paul Kathleen Janet
$14,800 $18,800 $9,400

[wagering suggestions for these scores]

Final Jeopardy! Round responses

PRESIDENTIAL LIBRARIES
JanetWho is LB Johnson?
$9,399
PaulWho is LBJ?
$14,000
KathleenWho is LB Johnson?
$10,801
Lyndon Johnson

Final scores:

Paul Kathleen Janet
$28,800 $29,601 $18,799
2nd place: $2,000 New champion: $29,601 3rd place: $1,000

Game dynamics:

Coryat scores:

Paul Kathleen Janet
$13,600 $18,800 $7,600
21 R
(including 2 DDs),
2 W
20 R,
2 W
12 R
(including 1 DD),
1 W

Combined Coryat: $40,000

The J! Archive is created by fans, for fans. The Jeopardy! game show and all elements thereof, including but not limited to copyright and trademark thereto, are the property of Jeopardy Productions, Inc. and are protected under law. This website is not affiliated with, sponsored by, or operated by Jeopardy Productions, Inc. Join the discussion at JBoard.tv.